000 00837nam a22003017a 4500
003 CHAP
005 20220329133859.0
008 971013s1946 r 00010 d
010 _a12173
011 _a13145
035 _a17216
040 _cCHAP
082 _a637.1
_bH37 1946
100 0 0 _aHarvey, William Clunie.
_953005
245 _aMilk, production and control
250 _a2 ed.
260 _aLondon :
_bLewis,
_c1946
300 _a512 p.
_b: ilus.
590 _aBATCH-UPD
_b10
_c20130109
_lUCH01
_h2319
590 _aBATCH-UPD
_b10
_c20130110
_lUCH01
_h1110
590 _aCONVERSION
_b10
_c20130109
_lUCH01
_h1308
650 1 4 _aIndustria lechera.
_957819
650 1 4 _aLeche.
_965357
700 0 _aHill, Harry.
_955423
901 _aBK
942 _cLIBRO
949 _a637.1 H37 1946
_bBC
_cBPA
_d-40801
_eBPA
_h24729
_i17216
_si
999 _c12173
_d12173